000 01923nam a2200565 i 4500
001 24799
003 KOSZ 005
005 20200207143623.0
008 980702s1996 pl a f f |001 0 pol
015 _aPB 1996/8915
020 _a8320419492
035 _a991004161829705066
035 _a(PL-WaBN)b11104132-48omnis_nlop
035 _ab11104132
035 _a(OCoLC)749650927
035 _a(PL)b0000001110413
035 _a(EXLNZ-48OMNIS_NETWORK)9910051814005606
040 _aWA N
_cWA N
_dKOSZ 005/HR
046 _k1996
080 _a621.37
080 _a517.9
080 _a519.87
080 _a(075.8)
100 1 _aKudrewicz, Jacek
_d(1933- )
_eAutor
245 1 0 _aNieliniowe obwody elektryczne :
_bteoria i symulacja komputerowa /
_cJacek Kudrewicz.
260 _aWarszawa :
_bWydawnictwa Naukowo-Techniczne,
_c1996.
300 _a265, [1] s. :
_brys., wykr. ;
_c24 cm.
336 _2rdacontent
_aTekst
_btxt
337 _2rdamedia
_aBez urządzenia pośredniczącego
_bn
338 _2rdacarrier
_aolumin
_bnc
380 _aKsiążki
380 _aPublikacje dydaktyczne
385 _mPoziom nauczania
_aSzkoły wyższe
388 _a1901-2000
388 _a1989-2000
490 1 _aPodręczniki Akademickie. Elektronika, Informatyka, Telekomunikacja
504 _aBibliogr. s. 262. - Indeks.
521 _aDla studentów wydziałów elektroniki.
650 7 _aRównania różniczkowe
_2DBN
650 7 _aSymulacja
_2DBN
650 7 _aElektrotechnika
650 7 _aObwód elektryczny
_2DBN
655 7 _aPodręczniki akademickie
_2DBN
658 _aInżynieria i technika
710 2 _aWydawnictwa Naukowo-Techniczne
_4pbl
830 0 _aPodręczniki Akademickie
_pEIT
856 _uhttp://koha.tu.koszalin.pl/cgi-bin/koha/opac-detail.pl?biblionumber=24799
_yKatalog online BPK
942 _2UKD
_cKS
999 _c24799
_d24799